Marvel's The Avengers (2012): Random Characters - Statistics

General Stats
  • This quiz has been taken 15 times
  • The average score is 2 of 7
Answer Stats
Hint Answer % Correct
Stan Lee Stan Lee
100%
Jerzy Skolimowski Georgi Luchkov
21%
Pat Kiernan Pat Kiernan
14%
Maximiliano Hernandez Agent Jasper Sitwell
7%
Thomas Roberts Thomas Roberts
7%
James Eckhouse Senator Boynton
0%
Romy Rosemont Shawna Lynde
0%
No matching quizzes found
Score Distribution
Percent of People with Each Score
Percentile by Number Answered
Your Score History
You have not taken this quiz